Filiales del fútbol español - Estadísticas

Estadísticas generales
  • Esta prueba ha sido intentada 29 veces
    23 desde el último reinicio
  • La puntuación promedio es 11 de 20
Estadísticas de respuestas
Apellido Club % Correcto
Mestalla Valencia
100%
Deportivo Balompié Betis
90%
Castilla Real Madrid
90%
Madrileño Atlético de Madrid
86%
Fortuna Celta de Vigo
81%
Basconia Athletic Club
76%
Mirandilla Cádiz
76%
Deportivo Aragón Zaragoza
76%
Fabril Deportivo de la Coruña
71%
Rayo Cantabria Racing de Santander
71%
Ilicitano Elche
67%
Atlétic Barcelona
52%
Promesas Osasuna / Valladolid
48%
Vetusta Oviedo
43%
Peralada Girona
24%
Polvorín CD Lugo
10%
Recreativo Granada
10%
Imperial Real Murcia
10%
Júpiter Cultural y Deportiva Leonesa
5%
Futura Hércules
5%
No se encontraron pruebas coincidentes
Distribución de puntuación
Porcentaje de gente con cada puntuación
Porcentaje por número respondido
Historial de tus puntuaciones
No has intentado esta prueba desde el último reinicio